|
|
|
|
| LEADER |
00000nam a2200000 a 4500 |
| 005 |
20120921133410.0 |
| 007 |
cr|||| |||| |
| 008 |
081215s2008 sp ||||||b 00| ||spa|c |
| 017 |
|
|
|a DL M. 44804-2008
|
| 017 |
|
|
|a DL M. 29870-2009
|
| 017 |
|
|
|a DL M. 34205-2011
|
| 035 |
|
|
|a 6301
|
| 040 |
|
|
|a vLex
|
| 090 |
|
|
|c 3455
|d 3455
|
| 245 |
0 |
0 |
|a Comentarios a las sentencias de unificacin̤ de doctrina (civil y mercantil)
|h [Recurso electrn̤ico] /
|c director, Mariano Yzquierdo Tolsada ; Cristina de Amunt̀egui Rodrg̕uez... [et al.]
|n Volumen 4 (2009)
|
| 256 |
|
|
|a Servicio en ln̕ea
|
| 260 |
|
|
|a Madrid :
|b Dykinson,
|c cop. 2008-2011
|
| 300 |
|
|
|a 1 recurso electrn̤ico
|
| 504 |
|
|
|a Referencias bibliogrf̀icas
|
| 505 |
8 |
|
|a Contiene : Vol. 4, (2010)
|
| 506 |
1 |
|
|a Contenido solo disponible en los productos indicados
|d vLex Global
|d vLex Global (Academic Edition, excluding Law Schools)
|d vLex Global (U.S. Academic Edition, Law Schools)
|d vLex Global (U.S. Academic Edition, excluding Law Schools)
|d vLex Global (Academic Edition, Law Schools)
|
| 650 |
|
4 |
|a Jurisprudencia civil
|z Espaą
|
| 650 |
|
4 |
|a Jurisprudencia mercantil
|z Espaą
|
| 700 |
1 |
|
|a Yzquierdo Tolsada, Mariano
|
| 700 |
1 |
|
|a Amunt̀egui Rodrg̕uez, Cristina de
|
| 740 |
0 |
|
|a vLex Libros (Servicio en ln̕ea)
|
| 856 |
4 |
0 |
|u http://vlex.com/source/comentarios-sentencias-unificacion-doctrina-civil-mercantilvolumen-4-2010-6301
|z Acceso restringido
|
| 942 |
|
|
|c BOOK
|
| 999 |
0 |
|
|a Civil law
|
| 999 |
0 |
|
|a Commercial law
|